Lister les départements sous Napoléon au Nord de la France - Statistiques

Statistiques générales
  • Ce quiz a été pris 21 fois
  • Le résultat moyen est 12 sur 53
Statistiques - réponses
Hint Réponse % Correct
Italie Rome
60%
Pays-Bas Bouches du Rhin
55%
Luxembourg & Belgique & Allemagne Forêts
55%
Allemagne Sarre
50%
Belgique Lys
45%
Italie
45%
Pays-Bas Bouches de la Meuse
40%
Allemagne & Pays-Bas Roer
40%
Belgique Sambre et Meuse
40%
Belgique Dyle
35%
Belgique Escaut
35%
Italie Arno
30%
Pays-Bas Bouches de l'Escaut
30%
Croatie Dalmatie
30%
Pays-Bas Frise
30%
Italie Gênes
30%
Belgique Jemmapes
30%
Italie Méditerrannée
30%
Pays-Bas Meuse Inférieure
30%
Allemagne Rhin et Moselle
30%
Allemagne Bouches de l'Elbe
25%
Italie Apennins
20%
Allemagne Bouches du Weser
20%
Pays-Bas Ems Occidental
20%
Allemagne Ems Oriental
20%
Allemagne Ems Supérieur
20%
Italie Marengo
20%
Belgique Ourthe
20%
Espagne Bouches de l'Ebre
15%
Pays-Bas Bouches de l'Yssel
15%
Italie Carinthie
15%
Croatie Croatie Civile
15%
Croatie Croatie Militaire
15%
Belgique & Pays-Bas Deux-Nèthes
15%
Italie Istrie
15%
Allemagne Lippe
15%
Italie Montenotte
15%
Allemagne Mont-Tonnere
15%
Italie Ombrone
15%
Italie Sésia
15%
Suisse Simplon
15%
Espagne Ter
15%
Pays-Bas Yssel Supérieur
15%
Grèce Corfou
10%
Italie Doire
10%
Espagne Montserrat
10%
Italie Stura
10%
Italie Taro
10%
Pays-Bas Zuyderzée
10%
Croatie Carniole
5%
Croatie Raguse
5%
Espagne & Andorre Sègre
5%
Italie Trasimène
5%
Aucun quiz correspondant
Distribution des résultats
% des personnes avec chaque résultat
Percentile par nombre de réponses
Votre historique - résultats
Vous n’avez pas pris ce quiz